| 000 | 01910nac a22004331u 4500 | ||
|---|---|---|---|
| 999 |
_c8296 _d8296 |
||
| 003 | EG-ScBUE | ||
| 005 | 20210418124634.0 | ||
| 008 | 100922s2006 xxka f d 000 0 eng d | ||
| 020 | _a9780521831796 | ||
| 020 | _a0521831792 | ||
| 035 | _a(OCoLC)ocm62132885 | ||
| 040 |
_aEG-ScBUE _beng _erda _cEG-ScBUE _dEG-ScBUE |
||
| 082 | 0 | 4 |
_a820.90003 _bCAM _222 |
| 245 | 0 | 4 |
_aThe Cambridge guide to literature in English / _cedited by Dominic Head. |
| 246 | 3 | 0 | _aGuide to literature in English |
| 250 | _aThird edition. | ||
| 264 | 1 |
_aCambridge : _bCambridge University Press, _c2006. |
|
| 300 |
_axxiii, 1241 pages : _billustrations ; _c26 cm |
||
| 336 |
_2rdacontent _atext _btxt |
||
| 337 |
_2rdamedia _aunmediated _bn |
||
| 338 |
_2rdacarrier _avolume _bnc |
||
| 650 | 7 |
_aEnglish literature _vDictionaries. _2BUEsh _919783 |
|
| 650 | 7 |
_aAuthors, English _vBiography _vDictionaries. _2BUEsh _919784 |
|
| 650 | 7 |
_aEnglish literature _vBio-bibliography. _2BUEsh _919785 |
|
| 650 | 7 |
_aCommonwealth literature (English) _vBio-bibliography. _2BUEsh _919786 |
|
| 650 | 7 |
_aCommonwealth literature (English) _vDictionaries. _2BUEsh _919787 |
|
| 650 | 7 |
_aAuthors, Commonwealth _vBiography _vDictionaries. _2BUEsh _919788 |
|
| 650 | 7 |
_aAuthors, American _vBiography _vDictionaries. _2BUEsh _919789 |
|
| 650 | 7 |
_aAmerican literature _vBio-bibliography. _2BUEsh _919790 |
|
| 650 | 7 |
_aAmerican literature _vDictionaries. _2BUEsh _919791 |
|
| 651 | _2BUEsh | ||
| 653 |
_bHHUUEENN _cApril2021 |
||
| 655 |
_vReading book _934232 |
||
| 700 | 1 |
_aHead, Dominic, _eeditor. _919792 |
|
| 856 | 4 | 2 |
_3Publisher description _uhttp://www.loc.gov/catdir/enhancements/fy0665/2006271458-d.html |
| 856 | 4 | 2 |
_3Table of contents only _uhttp://www.loc.gov/catdir/enhancements/fy0665/2006271458-t.html |
| 856 | 4 | 2 |
_3Contributor biographical information _uhttp://www.loc.gov/catdir/enhancements/fy0732/2006271458-b.html |
| 942 |
_cREFERENCE _k820.90003 CAM _2ddc |
||